000 00341nam a2200133Ia 4500
008 100328s9999 xx 000 0 und d
082 _b51822
100 _aगुंदेकर श्रीराम
245 _aलगाम
260 _bदिलीपराज
630 _aलगाम
730 _aलगाम
942 _cBOOK
999 _c538731
_d538728